60 personnages d'Astérix dans un trombinoscope - Statistiques

Statistiques générales
  • Ce quiz a été pris 801 fois
  • Le résultat moyen est 27 sur 60
Statistiques - réponses
Hint Réponse % Correct
Idéfix
87%
Obélix
86%
Panoramix
85%
Cléopâtre
85%
Astérix
84%
Sanglier
83%
Falbala
81%
Abraracourcix
80%
Assurancetourix
80%
Jules César
79%
Bonnemine
79%
Barbe Rouge
77%
Madame Agecanonix
73%
Agecanonix
73%
Cétautomatix
73%
Ordralfabétix
69%
Numérobis
69%
Le goûteur de Cléopâtre
66%
Amonbofis
65%
Goudurix
62%
Baba
59%
Pépé
56%
Jolitorax
55%
Ielosubmarine
53%
Coriza (Zaza)
51%
Ocatarinetabellatchitchix
49%
Tragicomix
46%
Triple Patte
46%
Maestria
45%
Epidemaïs
41%
Obélodalix
40%
Coronavirus
36%
Aplusbégalix
34%
Chanteclairix
34%
Tullius Détritus
32%
Comix
31%
Amérix
31%
Zurix
30%
Brutus
30%
Prolix
30%
Homéopatix
27%
Caligula Minus
26%
Tournevis
24%
César Labeldecadix
23%
Misenplis
20%
Lentix
20%
Orthopédix
19%
Ginfis
17%
Vicévertus
15%
Bonusmalus
14%
Gracchus Pleindastus
14%
Caius Joligibus
14%
Suelburnus
13%
Biscornus
10%
Quintilius
10%
Caius Saugrenus
10%
Claudius Malosinus
10%
Absolumentexclus
9%
Nenpeuplus
9%
Caius Eucaliptus
7%
Aucun quiz correspondant
Distribution des résultats
% des personnes avec chaque résultat
Percentile par nombre de réponses
Votre historique - résultats
Vous n’avez pas pris ce quiz